| 000 | 00323nab a22001097u 4500 | ||
|---|---|---|---|
| 008 | 130520b2006 xxu||||| |||| 00| 0 spa d | ||
| 041 | _aspa | ||
| 100 | 1 |
_aLara, Rafael _976224 |
|
| 245 | 0 | 0 |
_aMigración desde África a España _cRafael Lara |
| 773 | 0 |
_tConcilium _gnº318,2006,págs. 145-150 _x0210-1041 _wRev134 |
|
| 942 | _cAR | ||
| 999 |
_c379600 _d379600 |
||